000
00327nam a2200121Ia 4500
008
220204s9999 xx 000 0 und d
082
_b
RUB
245
0
_a
Rubber karshakarum noothana chinthakalum (Malayalam)
260
_a
Kottayam
_b
Rubber Board
_c
2010
650
_a
Green budding
650
_a
Root trainer plants
942
_c
BK
999
_c
44458
_d
44458